000 00543nam a22002297a 4500
003 UA-OsUOA
001 94851
007 ta
008 20130218b un ||||| |||| 00| 0 ukr d
100 _aДангулов С.
090 _a821.161.1
_bД17
942 _cBK
040 _aUA-OsUOA
_brus
_cUA-OsUOA
_dUA-OsUOA
245 _aЗаутреня в Рапавлло
300 _a254 с.
955 _a3
041 _arus
080 _a821.161.1
260 _aМ.
_bМолодая гвардия
_c1981
650 7 _2UDC
999 _c381108
_d381108